Name a Valid 6-Letter Word by Two Letter Sequence - Statistics

General Stats
  • This quiz has been taken 2,069 times
  • The average score is 252 of 543
Answer Stats
Letters Answer # Example % Correct
ER 2072 period
94%
ES 1447 places
94%
LE 1152 letter
93%
AN 859 manner
92%
IN 1404 indeed
92%
TE 987 master
92%
AB 219 labour
91%
AC 331 action
91%
AR 941 around
91%
AS 709 easily
91%
BA 358 battle
91%
AL 827 mental
89%
LA 623 latter
89%
OR 602 former
89%
RA 734 rather
89%
RE 1078 result
89%
RS 565 person
89%
AD 319 spread
88%
AT 522 father
88%
ED 1755 needed
88%
ST 693 states
88%
TS 432 plants
88%
AM 410 became
87%
DE 694 design
87%
EN 790 enough
87%
MA 499 making
87%
NG 663 length
87%
CA 470 called
86%
EA 451 reason
86%
KE 506 marked
86%
AI 285 remain
85%
AP 255 appear
85%
BE 397 before
85%
HA 421 having
85%
LO 489 looked
85%
PE 566 people
85%
TA 474 taking
85%
VE 460 events
85%
HE 513 health
84%
PA 365 passed
84%
PP 160 appeal
84%
RI 681 rights
84%
WA 254 wanted
84%
CK 279 attack
83%
DA 230 danger
83%
EL 576 levels
83%
GE 500 charge
83%
LL 358 really
83%
ME 519 method
83%
ND 285 ground
83%
RO 562 growth
83%
AG 270 agreed
82%
BL 216 unable
82%
BO 328 bodies
82%
EE 397 seemed
82%
ET 528 better
82%
GA 293 regard
82%
IE 545 series
82%
NE 616 energy
82%
ON 666 longer
82%
SE 771 second
82%
US 429 status
82%
BR 184 broken
81%
CE 335 center
81%
CH 506 change
81%
IC 478 police
81%
IL 469 filled
81%
IT 425 itself
81%
LI 545 little
81%
NS 434 answer
81%
NT 365 moment
81%
OU 410 amount
81%
UR 458 turned
81%
AF 100 safety
80%
AV 176 leaves
80%
BB 134 rabbit
80%
CO 476 course
80%
FA 162 family
80%
HO 370 choice
80%
LS 306 models
80%
NA 323 nature
80%
QU 159 unique
80%
RT 177 thirty
80%
BI 247 bishop
79%
ID 333 inside
79%
OW 247 powers
79%
PL 171 placed
79%
TO 431 toward
79%
UN 483 united
79%
DI 339 direct
78%
DS 182 stands
78%
IS 562 issues
78%
KS 176 thinks
78%
NI 353 animal
78%
OO 382 troops
78%
OS 497 choose
78%
SA 322 saying
78%
TH 303 though
78%
ZE 155 bronze
78%
BU 225 budget
77%
FF 160 effort
77%
HI 253 things
77%
TI 412 nation
77%
TT 220 matter
77%
AY 171 played
76%
FE 227 female
76%
GR 174 groups
76%
IG 199 higher
76%
JA 75 jacket
76%
MI 357 middle
76%
OT 324 others
76%
PI 338 empire
76%
RU 256 struck
76%
SH 442 should
76%
WE 202 weight
76%
AU 192 author
75%
AW 152 lawyer
75%
AZ 113 amazed
75%
GH 107 highly
75%
KI 207 killed
75%
MO 288 mother
75%
NO 238 normal
75%
TR 295 strong
75%
UM 312 summer
75%
YE 122 yellow
75%
CT 113 active
74%
DO 266 double
74%
MB 173 timber
74%
OM 239 common
74%
UE 163 tissue
74%
UT 311 beauty
74%
CU 210 secure
73%
DD 128 adding
73%
EC 219 become
73%
OA 127 abroad
73%
OB 143 object
73%
OL 403 follow
73%
PO 284 policy
73%
UA 84 actual
73%
UI 109 guilty
73%
VA 135 values
73%
AK 152 speaks
72%
IR 279 entire
72%
OP 215 opened
72%
RD 145 record
72%
SI 295 single
72%
VI 205 giving
72%
CR 194 across
71%
EB 108 debate
71%
FI 164 figure
71%
FL 175 flight
71%
GG 151 bigger
71%
GL 188 global
71%
NK 172 thanks
71%
CL 140 closed
70%
DR 122 driven
70%
IM 238 simple
70%
MP 187 simply
70%
UL 311 useful
70%
WI 211 within
70%
GI 176 region
69%
JO 66 joseph
69%
LY 374 merely
69%
OC 156 occurs
69%
SS 217 stress
69%
UG 151 august
69%
FO 142 forces
68%
GO 205 golden
68%
IA 255 racial
68%
LU 243 column
68%
MS 124 claims
68%
NC 169 income
68%
TU 173 return
68%
UB 121 rubber
68%
GU 147 argued
67%
RR 140 narrow
67%
SU 164 supply
67%
YA 80 voyage
67%
EM 208 member
66%
FR 91 french
66%
IO 139 motion
66%
NN 148 annual
66%
OI 181 points
66%
JU 60 judges
65%
OD 204 modern
65%
RY 168 memory
65%
SO 224 social
65%
XI 76 exists
65%
YS 113 essays
65%
ZA 74 hazard
65%
AX 73 climax
64%
EF 110 effect
64%
EI 166 either
64%
EX 120 except
64%
HT 54 sought
64%
IP 149 script
64%
IV 108 living
64%
PR 181 proper
64%
PS 162 strips
64%
SC 185 school
64%
SP 215 spirit
64%
UD 128 sudden
64%
CI 133 cities
63%
FT 64 lifted
63%
HU 126 church
63%
JE 54 jersey
63%
OV 93 moving
63%
PU 150 public
63%
RN 120 corner
63%
XE 58 exempt
63%
DL 104 hardly
62%
DU 131 during
62%
EP 166 report
62%
EY 175 beyond
62%
KA 117 alkali
62%
LD 101 fields
62%
RM 120 formed
62%
UC 135 reduce
62%
UP 209 couple
62%
ZI 69 gazing
62%
LT 117 wealth
61%
MU 165 museum
61%
OF 73 office
61%
RK 86 market
61%
SK 111 skills
61%
SL 126 island
61%
TY 154 county
61%
CC 38 access
60%
FU 132 future
60%
HY 119 worthy
60%
NU 121 number
60%
OK 101 spoken
60%
ZZ 53 nozzle
60%
HS 112 months
59%
WO 82 worked
59%
GS 66 beings
58%
MM 109 commit
58%
OG 151 dialog
58%
OY 65 employ
58%
VO 98 volume
58%
EG 133 degree
57%
EV 110 review
57%
IB 92 tribes
56%
IF 110 differ
56%
IZ 64 seized
56%
RG 109 larger
56%
SW 66 switch
56%
WS 55 allows
56%
YO 75 layout
56%
ZO 59 zoning
56%
BS 45 absent
55%
BY 56 nearby
55%
DG 83 bridge
55%
EW 118 viewed
55%
PH 125 phrase
55%
RB 78 carbon
55%
SQ 30 square
55%
TL 98 partly
55%
JI 52 jimmie
54%
RC 60 source
54%
WN 49 thrown
54%
EQ 12 equity
53%
LV 56 silver
53%
WH 75 wholly
53%
OZ 44 frozen
52%
OX 55 oxides
51%
RL 83 nearly
51%
SM 115 smooth
51%
UF 55 suffer
51%
KN 32 knight
50%
PY 67 occupy
50%
FS 53 chiefs
49%
LK 54 walked
49%
PT 73 accept
49%
SN 69 snakes
49%
SY 80 system
49%
YI 47 trying
49%
DY 58 steady
48%
KL 61 tackle
48%
LM 50 almost
48%
CS 51 ethics
47%
GN 61 signal
46%
IX 42 matrix
46%
NJ 17 injury
46%
RP 48 harper
46%
CY 52 agency
45%
MY 67 myself
45%
EJ 12 reject
44%
GY 55 clergy
44%
OE 101 poetry
44%
EU 72 neural
43%
NY 81 anyone
43%
RV 45 served
43%
WL 39 slowly
43%
AE 114 aerial
42%
AO 18 aortic
42%
IK 78 likely
42%
LP 40 helped
42%
TC 47 sketch
42%
UZ 25 puzzle
42%
EO 57 theory
41%
KY 67 sticky
41%
LB 17 albeit
41%
TW 40 twenty
41%
AJ 16 majors
40%
IQ 12 liquid
40%
NL 39 unless
40%
NV 21 convey
40%
EZ 34 breeze
39%
HR 65 threat
39%
NF 36 infant
39%
WR 31 writer
39%
ZY 31 frenzy
39%
BJ 4 abject
38%
BT 9 obtain
38%
LF 28 behalf
38%
RF 23 dwarfs
38%
YM 47 symbol
38%
DJ 10 adjust
37%
ZL 17 muzzle
37%
CQ 2 acquit
36%
EK 44 weekly
36%
TZ 29 quartz
36%
YL 86 styles
36%
FY 46 modify
35%
NZ 20 enzyme
35%
RQ 5 torque
35%
AH 100 brahma
34%
DV 7 advice
34%
KO 60 reckon
34%
MN 17 autumn
34%
XC 10 excess
34%
LC 24 ulcers
33%
VU 17 vulgar
33%
XT 26 extent
33%
XY 20 oxygen
33%
YP 45 typing
33%
DW 8 midway
32%
FJ 2 fjords
32%
NW 21 inward
32%
UO 21 quoted
32%
ZU 12 lazuli
32%
NX 9 larynx
31%
XA 17 oxalic
31%
YG 10 bygone
31%
DM 16 admits
30%
KU 43 backup
30%
UX 17 luxury
30%
XP 11 expect
30%
YC 25 cycles
30%
YR 40 martyr
30%
NR 32 unrest
29%
RH 28 rhythm
29%
UV 14 louvre
29%
LW 2 always
28%
YB 12 hybrid
28%
NM 26 enmity
27%
YN 31 syntax
27%
AQ 7 opaque
26%
BW 4 subway
26%
IJ 10 hijack
26%
LG 20 bulged
26%
NB 19 unborn
26%
WD 11 powder
26%
XU 10 sexual
26%
BH 7 bhakti
25%
IU 39 medium
25%
NP 15 inputs
25%
QA 3 burqas
25%
UU 4 vacuum
25%
WK 9 mohawk
25%
GM 18 stigma
24%
PK 5 napkin
24%
UK 41 rebuke
24%
UY 18 buying
24%
WY 12 sawyer
24%
AA 13 bazaar
23%
BD 5 subdue
23%
OQ 7 toques
23%
DH 20 buddha
22%
EH 33 behind
22%
KH 11 sheikh
22%
PW 4 upward
22%
TM 20 utmost
22%
XH 3 exhort
22%
YD 19 heyday
22%
ML 21 firmly
21%
NH 19 unholy
21%
WF 4 lawful
21%
YT 32 mythic
21%
YW 8 anyway
21%
GP 2 magpie
20%
GZ 1 zigzag
20%
MC 5 tomcat
20%
PB 6 upbeat
20%
TB 13 hotbed
20%
YU 12 yuppie
20%
HM 15 asthma
19%
II 5 skiing
19%
JJ 2 hajjis
19%
KR 22 chakra
19%
WB 5 cowboy
19%
WT 11 newton
19%
XO 24 exotic
19%
DB 7 tidbit
18%
HL 20 richly
18%
OH 25 cohort
18%
SB 8 busboy
18%
TF 10 outfit
18%
VY 7 scurvy
18%
TD 2 outdid
17%
BC 4 bobcat
16%
RW 6 airway
16%
TP 3 output
16%
WU 5 wursts
16%
YF 3 joyful
16%
CN 3 picnic
15%
FC 1 offcut
15%
GW 7 wigwam
15%
LN 7 walnut
15%
MT 6 warmth
15%
PD 5 update
15%
QW 1 qwerty
15%
WP 13 cowpea
15%
XB 1 oxbows
15%
XM 3 taxman
15%
DN 7 kidney
14%
VR 7 livres
14%
VV 4 revved
14%
WM 8 bowman
14%
YX 7 coccyx
14%
BM 4 submit
13%
BN 3 subnet
13%
BP 1 subpar
13%
BV 2 obvert
13%
KK 12 sukkot
13%
NQ 4 cinque
13%
PF 6 cupful
13%
PN 8 pneuma
13%
WW 2 powwow
13%
DK 2 bodkin
12%
DZ 4 podzol
12%
FG 1 afghan
12%
GF 3 bagful
12%
GJ 1 logjam
12%
GT 4 ragtag
12%
HN 10 ethnic
12%
LR 1 walrus
12%
MF 3 armful
12%
OJ 9 projet
12%
SF 2 misfit
12%
SV 2 svelte
12%
YV 6 wyvern
12%
ZM 2 hazmat
12%
DT 5 widths
11%
KW 2 kwanza
11%
MR 3 nimrod
11%
PM 1 upmost
11%
SD 3 wisdom
11%
XF 2 boxful
11%
YJ 1 pyjama
11%
BK 2 babkas
10%
DC 5 madcap
10%
DF 4 gadfly
10%
FK 1 offkey
10%
HW 5 thwart
10%
IH 5 mihrab
10%
KV 8 mikvah
10%
TG 4 catgut
10%
TK 2 catkin
10%
TN 5 catnip
10%
YH 3 anyhow
10%
BF 4 tubful
9%
CZ 1 eczema
9%
DP 1 bedpan
9%
HC 2 ashcan
9%
PC 5 upcast
9%
QI 4 qiviut
9%
RZ 5 tarzan
9%
UQ 2 buqsha
9%
YK 3 dyking
9%
KJ 1 inkjet
8%
MW 1 dimwit
8%
QS 3 tranqs
8%
YZ 3 coryza
8%
GC 1 eggcup
7%
GK 2 gingko
7%
IY 6 aliyah
7%
KD 1 dikdik
7%
LQ 2 pulque
7%
MD 2 dumdum
7%
MV 1 humvee
7%
BG 1 subgum
6%
JD 1 slojds
6%
JN 2 prajna
6%
JR 2 hijrah
6%
KT 6 bhakta
6%
MJ 1 ramjet
6%
MZ 4 hamzah
6%
PG 6 upgrow
6%
QE 1 sheqel
6%
TJ 2 outjut
6%
TV 1 outvie
6%
UJ 5 jujube
6%
XL 3 oxlike
6%
CB 1 sacbut
5%
CM 3 chacma
5%
CP 1 secpar
5%
GB 5 sagbut
5%
GD 4 dogdom
5%
KF 1 nakfas
5%
KG 1 ginkgo
5%
KP 1 inkpot
5%
LH 2 fulham
5%
LX 1 calxes
5%
LZ 1 colzas
5%
MH 1 abmhos
5%
MK 1 bumkin
5%
PJ 1 kopjes
5%
SJ 2 masjid
5%
UH 2 fuhrer
5%
UW 1 vrouws
5%
VZ 1 evzone
5%
XS 3 axseed
5%
HK 2 kishka
4%
HZ 1 mahzor
4%
IW 2 haniwa
4%
SR 2 asrama
4%
SZ 3 kuvasz
4%
VS 2 ganevs
4%
WC 1 sowcar
4%
WG 1 gewgaw
4%
WZ 2 browzy
4%
YY 1 sayyid
4%
ZB 1 jazzbo
4%
ZG 1 fizgig
4%
ZH 1 muzhik
4%
ZJ 1 muzjik
4%
ZP 1 hutzpa
4%
VN 1 hryvna
3%
ZC 1 mezcal
3%
ZS 1 vizsla
3%
XW 1 paxway
1%
No matching quizzes found
Score Distribution
Percent of People with Each Score
Percentile by Number Answered
Your Score History
You have not taken this quiz